[Event "Dubai The Arbor blitz op"]
[Site "Dubai"]
[Date "2019.04.12"]
[Round "3"]
[White "Carandang, Roberto"]
[Black "Mohamed, Abdulwahed"]
[Result "1/2-1/2"]
[WhiteElo "1901"]
[BlackElo "1352"]
[PlyCount "168"]
[EventDate "2019.04.12"]
[EventType "swiss (blitz)"]
[EventRounds "9"]
[EventCountry "UAE"]
[SourceTitle "CBM 189 Extra"]
[Source "ChessBase"]
[SourceDate "2019.05.31"]
[SourceVersion "1"]
[SourceVersionDate "2019.05.31"]
[SourceQuality "1"]

1. d4 Nf6 2. c4 e6 3. e3 Bb4+ 4. Bd2 Be7 5. Nc3 0-0 6. Bd3 c5 7. Nf3 Nc6 8. d5 exd5 9. Nxd5 d6 10. Bc3 Bg4 11. Qc2 h6 12. Nxe7+ Qxe7 13. 0-0-0 Nb4 14. Bxb4 cxb4 15. h3 Bd7 16. Kb1 a5 17. Nd4 Rfc8 18. Qe2 a4 19. Rhg1 d5 20. cxd5 Nxd5 21. Bc4 Nb6 22. Rc1 a3 23. b3 Nxc4 24. Rxc4 b5 25. Rcc1 Rxc1+ 26. Rxc1 Qe4+ 27. Ka1 Qxg2 28. Qf3 Qxf3 29. Nxf3 Bxh3 30. Kb1 Bf5+ 31. Ka1 Kf8 32. Nd4 Bg6 33. Nxb5 Rd8 34. Nd4 h5 35. f4 Be4 36. Rd1 Rc8 37. Ne2 Rc2 38. Nd4 Rh2 39. Nb5 Re2 40. Nd6 Rxe3 41. Nc8 Rd3 42. Re1 Bc6 43. Na7 Be8 44. Nc8 Rd4 45. Kb1 h4 46. f5 Rf4 47. Nd6 Bc6 48. Rc1 Bd7 49. Rh1 Bxf5+ 50. Nxf5 Rxf5 51. Rxh4 Rb5 52. Kc2 Ke7 53. Kd3 Ke6 54. Kc4 Rb8 55. Re4+ Kf5 56. Re7 g5 57. Rxf7+ Kg6 58. Rf1 g4 59. Kd4 Kg5 60. Ke4 Re8+ 61. Kd4 Kh4 62. Kc4 Kh3 63. Kxb4 g3 64. Kxa3 g2 65. Rc1 Kh2 66. Rc2 Kh1 67. Rc1+ Kh2 68. b4 g1Q 69. Rxg1 Kxg1 70. b5 Ra8+ 71. Kb3 Kf2 72. a4 Ke3 73. Kb4 Kd4 74. a5 Kd5 75. a6 Kd6 76. Ka5 Kc7 77. b6+ Kb8 78. Kb5 Rxa6 79. Kxa6 Ka8 80. Kb5 Kb7 81. Kc5 Kb8 82. Kd6 Kb7 83. Kc5 Kb8 84. Kc6 Kc8 1/2-1/2

[Event "Dubai The Arbor blitz op"]
[Site "Dubai"]
[Date "2019.04.12"]
[Round "1"]
[White "Sindarov, Javokhir"]
[Black "Mohamed, Abdulwahed"]
[Result "1-0"]
[WhiteElo "2421"]
[BlackElo "1352"]
[PlyCount "41"]
[EventDate "2019.04.12"]
[EventType "swiss (blitz)"]
[EventRounds "9"]
[EventCountry "UAE"]
[SourceTitle "CBM 189 Extra"]
[Source "ChessBase"]
[SourceDate "2019.05.31"]
[SourceVersion "1"]
[SourceVersionDate "2019.05.31"]
[SourceQuality "1"]

1. e4 e5 2. Nf3 Nc6 3. d4 exd4 4. Nxd4 Nxd4 5. Qxd4 Nf6 6. e5 Ng8 7. Bf4 Ne7 8. Bc4 Nc6 9. Qd5 Qe7 10. Nc3 Qe6 11. 0-0-0 Qxd5 12. Nxd5 Kd8 13. Rhe1 d6 14. exd6 Bxd6 15. Nxc7 Kxc7 16. Bxd6+ Kb6 17. Re3 Na5 18. Bxf7 Bf5 19. b4 Nc6 20. Bc5+ Kb5 21. c4+ 1-0